Top 30 Hard Rock and Metal Frontmen of All Time - Statistics

General Stats
  • This quiz has been taken 3,255 times
  • The average score is 13 of 30
Answer Stats
# Song Answer % Correct
1 Killer Queen Freddie Mercury
89%
8 Welcome to the Jungle Axl Rose
88%
13 Come as You Are Kurt Cobain
82%
3 Stairway to Heaven Robert Plant
79%
17 Dream On Steven Tyler
76%
7 Mr. Crowley Ozzy Osbourne
67%
18 Ace of Spades Lemmy Kilmister
62%
19 Anarchy in the U.K. Johnny Rotten
56%
14 Poison Alice Cooper
55%
27 Everlong Dave Grohl
55%
9 Fade to Black James Hetfield
55%
10 Thunderstruck Brian Johnson
54%
11 Foxey Lady Jimi Hendrix
54%
12 Dirty Deeds Done Dirt Cheap Bon Scott
52%
2 Hallowed Be Thy Name Bruce Dickinson
40%
6 The Passenger Iggy Pop
38%
16 Ain't Talkin' 'Bout Love David Lee Roth
37%
21 Rock the Casbah Joe Strummer
36%
4 Painkiller Rob Halford
34%
30 Detroit Rock City Paul Stanley
33%
28 Killing in the Name Zack de la Rocha
32%
29 Psychosocial Corey Taylor
31%
5 Stargazer Ronnie James Dio
25%
15 Cemetery Gates Phil Anselmo
24%
26 Du Hast Till Lindemann
24%
22 Love, Reign o'er Me Roger Daltrey
19%
23 Child in Time Ian Gillan
17%
24 Schism Maynard James Keenan
17%
20 The Hand that Feeds Trent Reznor
12%
25 Straight Edge Ian MacKaye
4%
No matching quizzes found
Score Distribution
Percent of People with Each Score
Percentile by Number Answered
Your Score History
You have not taken this quiz